000 00599nam a2200193 i 4500
001 181298
003 ES-MaACL
005 20250907063133.0
008 121207s2011 sp a | |||||||| | spa d
080 _a821.134.2-14"19"
100 1 _aSantos López, Antonio,
_d1960-
_9151921
245 1 0 _aLuz en la memoria /
_cAntonio Santos López.
250 _a1ª ed.
260 _a[La Bañeza, León] :
_bMonte Riego,
_c2011.
300 _a98 p. :
_bil. ;
_c23 cm.
852 _aES-MaACL
_jA-12353
_9188182
_bR.148585
_cDEPO1
_dOlim: N-5358
942 _2udc
_cMONOGRAFIA
999 _c181298
_d181298